| 000 | 00839nas a2200253 4500 | ||
|---|---|---|---|
| 001 | BR8902726 | ||
| 003 | BR-BrBNA | ||
| 005 | 20231205091555.0 | ||
| 007 | ta | ||
| 008 | 230509b bl.|||p| |||| 00| 00por d | ||
| 040 |
_aBR-BrBNA _bpor _cBiblioteca Nacional de Agricultura |
||
| 041 | _a(Pt) | ||
| 072 | _aF01; J11 | ||
| 100 | 1 | _aSilva, A.C.F. | |
| 100 | 1 | _aVizzotto, V.J. | |
| 245 | 1 | _aCultivares de cebola precoce no litoral de SC [Santa Catarina]: precocidade, rendimento de resistencia as principais doencas nortearam esse experimento | |
| 650 | _aCEBOLA | ||
| 650 | _aPRECOCIDADE VEGETAL | ||
| 650 | _aENVELHECIMENTO | ||
| 650 | _aSANTA CATARINA | ||
| 773 | 0 |
_tAgropecuaria Catarinense (Brazil) _xISSN 0103-0779 _g(Dec 1988), v. 1(4) p. 43-44 _wBR8902726 |
|
| 909 |
_a202311 _bLúcia _c55 _dLúcia Elande |
||
| 942 |
_2AGRIS _n0 _cANA |
||
| 999 |
_c125959 _d125959 |
||